Kjótsky protokol a jeho previazanosť s podnikmi

Obchodovanie s kvótami emisií CO2. Prehľad právnych noriem a vyhlášok, ktoré určujú podmienky obchodovania pre slovenské podniky. Prehľad najväčších znečisťovateľov v SR.

Saved in:
Bibliographic Details
Main Author: Urblíková, Daniela
Format: Book Chapter
Language:Slovak
Subjects:
Tags: Add Tag
No Tags, Be the first to tag this record!

MARC

LEADER 00000naa$a2200000$$$4500
001 0100260
005 20240716093345.5
041 0 |a slo 
044 |a SK 
245 1 0 |a Kjótsky protokol a jeho previazanosť s podnikmi  |c Daniela Urblíková 
520 |a Obchodovanie s kvótami emisií CO2. Prehľad právnych noriem a vyhlášok, ktoré určujú podmienky obchodovania pre slovenské podniky. Prehľad najväčších znečisťovateľov v SR. 
610 2 0 |a spolupráca medzinárodná 
610 2 0 |a politika ekologická 
610 2 0 |a emisie 
610 2 0 |a podnik 
610 2 0 |a obchod 
610 2 0 |a prostredie životné 
100 1 |a Urblíková, Daniela